Internationaler Kunsthistoriker-Kongress in Florenz
Gespeichert in:
| Veröffentlicht in: | Kunstchronik 1(1948), 9, Seite 10-11 |
|---|---|
| VerfasserIn: | |
| Dokumenttyp: | Online-Ressource Aufsatz |
| Sprache: | German |
| Veröffentlicht: |
1948
|
| Schlagwörter: | |
| Online Zugang: | kostenfrei kostenfrei kostenfrei |
| Bibliogr. Hinweis: | Enthalten in:
Kunstchronik |
| Verantwortlich: | Giulia Brunetti |
| LEADER | 02267caa a2200469 c 4500 | ||
|---|---|---|---|
| 001 | 1672359279 | ||
| 003 | DE-627 | ||
| 005 | 20260518154204.0 | ||
| 007 | cr cn 008aaaaa | ||
| 008 | 190828s1948 xx |||||o 00| ||ger c | ||
| 024 | 7 | |a urn:nbn:de:bsz:16-kc-639954 |2 urn | |
| 024 | 7 | |a 10.11588/kc.1948.9.63995 |2 doi | |
| 035 | |a (DE-627)1672359279 | ||
| 035 | |a (DE-599)KXP1672359279 | ||
| 035 | |a (OCoLC)1264092950 | ||
| 040 | |a DE-627 |b ger |c DE-627 |e rda | ||
| 041 | |a ger | ||
| 084 | |a KUNST |q DE-16 |2 fid | ||
| 100 | 1 | |a Brunetti, Giulia |e VerfasserIn |4 aut | |
| 245 | 1 | 0 | |a Internationaler Kunsthistoriker-Kongress in Florenz |c Giulia Brunetti |
| 264 | 1 | |c 1948 | |
| 336 | |a Text |b txt |2 rdacontent | ||
| 337 | |a Computermedien |b c |2 rdamedia | ||
| 338 | |a Online-Ressource |b cr |2 rdacarrier | ||
| 500 | |a Elektronische Reproduktion der Druckausgabe | ||
| 533 | |a Online-Ausgabe |b Heidelberg |c arthistoricum.net |d 2019 |7 |2019|||||||||| | ||
| 583 | 1 | |a Archivierung/Langzeitarchivierung gewährleistet |x XA-DE-BW |2 pdager |5 DE-16 | |
| 689 | 0 | 0 | |d f |0 (DE-588)1399458132 |0 (DE-627)1971183156 |a Convegno internazionale per le arti figurative |n 1. |d 1948 |c Florenz |2 gnd |
| 689 | 0 | |5 (DE-627) | |
| 773 | 0 | 8 | |i Enthalten in |t Kunstchronik |d Heidelberg : Universitätsbibliothek Heidelberg, 2019 |g 1(1948), 9, Seite 10-11 |h Online-Ressource |w (DE-627)1670038009 |w (DE-600)2979370-1 |x 2510-7534 |7 nnas |
| 773 | 1 | 8 | |g volume:1 |g year:1948 |g number:9 |g pages:10-11 |
| 856 | 4 | 0 | |u http://dx.doi.org/10.11588/kc.1948.9.63995 |x Verlag |x Resolving-System |z kostenfrei |3 Volltext |7 0 |
| 856 | 4 | 0 | |u https://journals.ub.uni-heidelberg.de/index.php/kchronik/article/view/63995 |x Verlag |z kostenfrei |3 Volltext |7 0 |
| 856 | 4 | 0 | |u http://nbn-resolving.de/urn:nbn:de:bsz:16-kc-639954 |x Verlag |x Resolving-System |z kostenfrei |3 Volltext |7 0 |
| 912 | |a ZDB-282-AAE-article | ||
| 951 | |a AR | ||
| 994 | |u https://ahnp.ub.uni-heidelberg.de/journals/kchronik/article/view/63995/56638 | ||
| 994 | |u https://ahnp.ub.uni-heidelberg.de/journals/kchronik/article/view/63995/56638 | ||
| 994 | |u https://ahnp.ub.uni-heidelberg.de/journals/kchronik/article/view/63995 | ||
| 990 | |a Convegno internazionale per le arti figurative <Florenz> | ||
| 991 | |a Rezension (Veranstaltung, Ausstellung) | ||
| 999 | |a KXP-PPN1672359279 |e 4039738136 | ||


